1. FC Kaiserslautern Kader 23/24 - Statistiken

Allgemein
  • Dieses Quiz wurde 190 mal gespielt
  • Das Durchschnittsergebnis liegt bei 20 aus 27
Antwortstatistiken
Hint Pos. Antwort % Korrekt
8 DEF Jean Zimmer
98%
18 TW Julian Krahl
95%
9 ST Ragner Ache
95%
7 MF Marlon Ritter
94%
2 DEF Boris Tomiak
91%
1 TW Andreas Luthe
89%
13 ST Terrence Boyd
89%
11 ST Kenny Prince Redondo
84%
29 ST Richmond Tachie
82%
30 TW Avdo Spahic
80%
19 ST Daniel Hanslik
80%
33 DEF Jan Elvedi
80%
5 DEF Kevin Kraus
80%
17 ST Aaron Opoku
77%
23 MF Philipp Hercher
74%
16 MF Julian Niehues
73%
10 MF Philipp Klement
73%
20 MF Tobias Raschl
72%
21 DEF Hendrick Zuck
69%
37 DEF Erik Durm
66%
27 ST Lex-Tyger Lobinger
61%
15 DEF Tymoteusz Puchacz
60%
4 MF Afeez Aremu
56%
31 ST Ben Zolinski
49%
14 DEF Nikola Soldo
46%
39 MF Aaron Basenach
29%
35 TW Niklas Heeger
26%
Keine übereinstimmenden Quizze gefunden
Verteilung der Resultate
Anzahl Personen mit jedem Resultat
Perzentil nach korrekt beantworteten Fragen
Ihre Resultats-Entwicklung
Sie haben dieses Quiz noch nicht gespielt